Plastic product design (Record no. 36016)

MARC details
000 -LEADER
fixed length control field 00326nam a2200133Ia 4500
082 ## - DEWEY DECIMAL CLASSIFICATION NUMBER
Classification number 678.5:62
Item number BEC
100 ## - MAIN ENTRY--AUTHOR NAME
Personal name Beck, Ronald D
245 #0 - TITLE STATEMENT
Title Plastic product design
250 ## - EDITION STATEMENT
Edition statement Ed.2
260 ## - PUBLICATION, DISTRIBUTION, ETC. (IMPRINT)
Place of publication New York
Name of publisher Van Nostrand
Year of publication 1980
650 ## - SUBJECT ADDED ENTRY--TOPICAL TERM
Topical Term Plastic products
942 ## - ADDED ENTRY ELEMENTS (KOHA)
Koha item type Books
Holdings
Withdrawn status Lost status Damaged status Not for loan Home library Current library Date acquired Cost, normal purchase price Full call number Accession Number Koha item type
        RRII Library RRII Library 16/12/2021 28.50 678.5:62 BEC 16433 Books